Statistics for Premier League Map of London

Click here to take the quiz!

General Stats

  • This quiz has been taken 55 times
    (6 since last reset)
  • The average score is 8 of 9

Answer Stats

Clubs % Correct
Arsenal
100%
Chelsea
100%
Crystal Palace
100%
Tottenham Hotspur
100%
Wimbledon
100%
Fulham
83%
Queens Park Rangers
83%
West Ham United
83%
Charlton Athletic
67%

Score Distribution

Percentile by Number Answered

Percent of People with Each Score

Your Score History

You have not taken this quiz since the last reset